Normal view
MARC view
- Muhammad Tayyab Aslam, Murtaza Manzoor, Syed Nasar Shahzad
Entry Personal Name
001 - CONTROL NUMBER
- control field: 93261
003 - CONTROL NUMBER IDENTIFIER
- control field: NUST
005 - DATE AND TIME OF LATEST TRANSACTION
- control field: 20220706125326.0
008 - FIXED-LENGTH DATA ELEMENTS
- fixed length control field: 220706|| aca||aabn | a|a d
040 ## - CATALOGING SOURCE
- Original cataloging agency: NUST
- Transcribing agency: NUST
100 ## - HEADING--PERSONAL NAME
- Personal name: Muhammad Tayyab Aslam, Murtaza Manzoor, Syed Nasar Shahzad
670 ## - SOURCE DATA FOUND
- Source citation: Work cat.: (NUST)10571: Muhammad Tayyab Aslam, Murtaza Manzoor, Syed Nasar Shahzad, Ultrasonic Haptic Vision System [project report BEE-4], 2011.
